Changing Gender Norms in Islam Between Reason and Revelation (Record no. 92224)
[ view plain ]
| 000 -LEADER | |
|---|---|
| fixed length control field | 01452nam a2200229Ii 4500 |
| 008 - FIXED-LENGTH DATA ELEMENTS--GENERAL INFORMATION | |
| fixed length control field | 221202s xx 000 0 und d |
| 100 1# - MAIN ENTRY--PERSONAL NAME | |
| Personal name | Bakhshizadeh, Marziyeh, |
| Relator term | author |
| 245 #0 - TITLE STATEMENT | |
| Title | Changing Gender Norms in Islam Between Reason and Revelation |
| 264 ## - PRODUCTION, PUBLICATION, DISTRIBUTION, MANUFACTURE, AND COPYRIGHT NOTICE | |
| Name of producer, publisher, distributor, manufacturer | Verlag Barbara Budrich |
| Date of production, publication, distribution, manufacture, or copyright notice | 2018 |
| 300 ## - PHYSICAL DESCRIPTION | |
| Extent | 1 online resource (247 pages) |
| 336 ## - CONTENT TYPE | |
| Content type term | text |
| Content type code | txt |
| Source | rdacontent |
| 337 ## - MEDIA TYPE | |
| Media type term | computer |
| Media type code | c |
| Source | rdamedia |
| 338 ## - CARRIER TYPE | |
| Carrier type term | online resource |
| Carrier type code | cr |
| Source | rdacarrier |
| 520 ## - SUMMARY, ETC. | |
| Summary, etc. | Women's movements in Islamic countries have had a long and arduous journey in their quest for the realization of human rights and genuine equality. The author examines whether discriminatory laws against women do in fact originate from Islam and, ultimately, if there is any interpretation of Islam compatible with gender equality. She investigates women's rights in Iran since the 1979 Revolution from the perspectives of the main currents of Islamic thought, fundamentalists, reformists, and seculars, using a sociological explanation. |
| 653 ## - INDEX TERM--UNCONTROLLED | |
| Uncontrolled term | Convention On The Elimination Of All Forms Of Discrimination Against Women |
| 653 ## - INDEX TERM--UNCONTROLLED | |
| Uncontrolled term | Fiqh |
| 653 ## - INDEX TERM--UNCONTROLLED | |
| Uncontrolled term | Fundamentalist |
| 653 ## - INDEX TERM--UNCONTROLLED | |
| Uncontrolled term | Islamic Thought Streams |
| 653 ## - INDEX TERM--UNCONTROLLED | |
| Uncontrolled term | Reformist And Secularist Women'S Rights Globalization |
| 856 ## - ELECTRONIC LOCATION AND ACCESS | |
| Uniform Resource Identifier | <a href="https://docs.google.com/spreadsheets/d/1yKIrdCPDAG_9c22mwoOIO2DOhtj65Wqa/edit?usp=sharing&ouid=106555315294820607512&rtpof=true&sd=true ">https://docs.google.com/spreadsheets/d/1yKIrdCPDAG_9c22mwoOIO2DOhtj65Wqa/edit?usp=sharing&ouid=106555315294820607512&rtpof=true&sd=true </a> |
| Link text | List of Curated E-Books |
| 942 ## - ADDED ENTRY ELEMENTS (KOHA) | |
| Koha item type | E-Book |
No items available.